000 01763cam a22004694i 4500
003 PE-LiUPU
005 20250731172957.0
008 150623s r 000 0 d
020 _a0801021774
035 _a(Sirsi) i9780801021770
040 _aPE-LiUPU
_bspa
_cPE-LiUPU
_erda
049 _aPRUA
082 0 4 _a222.1106
_bA75
_221
100 1 _aArnold, Bill T.,
_eautor.
245 1 0 _aEncountering the book of Genesis /
_cBill T. Arnold.
264 1 _aMichigan :
_bBaker Books,
_c1998.
300 _a234 páginas :
_bilustraciones, cuadros, gráficos fotos. ;
_c25.5 centímetros
336 _atext
_2rdacontent
337 _aunmediated
_2rdamedia
338 _avolume
_2rdacarrier
490 0 _aEncountering Biblical Studies
504 _aIncluye bibliografía.
505 0 _aEncountering God's creation (Genesis 1-11). -Encountering Abraham: God's faithful servant (Genesis 12-25). -Encountering Jacob: God's troubled servant (Genesis 25-36). -Encountering Joseph: God'ss model servant (Genesis 37-50). -Encountering the authorship of Genesis.
526 _aSEG42
526 _aSEG41
526 _aSEG40
526 _aSEG39
526 _aP94
526 _aP87
526 _aP86
526 _aP85
526 _aP77
526 _aP76
526 _aP35
630 _aBiblia.
_pA.T.
_PG énesis
_xComentarios.
942 _2ddc
_cBOOK
949 _a222.1106 A75
_wDEWEY
_c1
_i45350
_lCCODEBUL1
_mBUL
_r0
_sY
_tBOOK
_u2015-6-24
_xTEOLOGIA
_PP35
_0COMPRA
_o.STAFF. Colección General
994 _aC0
_bPEPRU
596 _a1
999 _a222.1106 A75
_wDEWEY
_c22212
_i45350
_d22212
_f2021-11-9
_g5
_lCCODEBUL1
_mBUL
_q1
_r0
_sY
_tBOOK
_u2015-6-24
_xTEOLOGIA
_PP35
_0COMPRA
_o.STAFF. Colección General
980 _81
_gALBERTO SANCHEZ Responsable de Automatización